Federer, Nadal, or Djokovic? - Statistics

General Stats
  • This quiz has been taken 11,747 times
  • The average score is 12 of 15
Answer Stats
Question Answer % Correct
Is from Spain Nadal
98%
Is the oldest of the three Federer
95%
Has not received a Covid-19 vaccination Djokovic
92%
Has won all four Grand Slam titles at least once in his career All three
89%
Has the record for most French Open titles Nadal
87%
Plays left-handed Nadal
84%
Holds the record for the most weeks ranked at #1 Djokovic
79%
Prefers a one-handed backhand Federer
79%
His uncle played in three FIFA World Cups Nadal
78%
Early in his career, was famous for imitating the style of other players Djokovic
69%
Maintains a gluten-free, mostly-vegan diet Djokovic
69%
Is married to a former tennis pro Federer
69%
Uses a Babolat racquet Nadal
64%
Has never in his entire career failed to finish a match Federer
56%
Has earned the greatest amount in prizes and endorsements throughout his career Federer
53%
No matching quizzes found
Score Distribution
Percent of People with Each Score
Percentile by Number Answered
Your Score History
You have not taken this quiz